000 00701cam a2200205 4500
001 WB3619-04
008 000000n2000 000 0 eng u
035 _a(Sirsi) u106001
245 _aAdvisory group to improve Building Control Services
260 _c2000
490 _aDETR News Release
_v(347) 16 May 2000, (2)
520 _aSets out the remit and composition of the newly established Building Control Performance Standards Group.
590 _aWB
650 _aBUILDING CONTROL PERFORMANCE STANDARDS
650 _aBUILDING CONTROL PERFORMANCE STANDARDS ADVISORY GROUP
650 _aDETR
650 _aBUILDING CONTROLS
690 _aBUILT ENVIRONMENT-BUILDING STANDARDS
942 _n0
999 _c63481
_d63481